000 00766nam a2200289Ia 4500
001 6887
005 20240113233946.0
007 ta
008 050701s1982 a g b000 u eng u
020 _a0 19 565132 4
040 _aCotton College,Assam
041 _aeng
082 _a330.155
_bSe 5 Ch
100 _aSen, Amartya.
245 0 _aChoice, Welfare and Measurement /
_cAmartya Sen.
_hTextual Documents
250 _a1st ed. /
260 _aOxford :
_bOxford Universsity Press ,
_c1982.
300 _avii, 460p. :
_bill. ;
_c22cm .
504 _aIndex
653 _aEconomics-Welfare
653 _aSocial Welfare
653 _aWelfare Economics
653 _aPG-Economics
942 _2ddc
_cBK
999 _c6874
_d6874